Helsinská trilogie /
Uloženo v:
| Série: | Helsinská trilogie,
část 2, 3 |
|---|---|
| Hlavní autor: | |
| Další autoři: | |
| Médium: | E-kniha |
| Jazyk: | Czech |
| Vydáno: |
Brno :
Host,
2025
|
| Vydání: | První vydání |
| Témata: | |
| Příbuzné jednotky: | Z cyklu::
Helsinská trilogie |
| Tagy: |
Žádné tagy |
| LEADER | 02293nam a2200553 i 4500 | ||
|---|---|---|---|
| 001 | 312730 | ||
| 003 | CZ PrSKC | ||
| 005 | 20260601215727.0 | ||
| 007 | ta | ||
| 008 | 250513s2025 xr g 000 facze | ||
| 015 | |a cnb003685281 | ||
| 020 | |a 9788027524266 |q (vázáno) | ||
| 035 | |a (OCoLC)1535680917 | ||
| 040 | |a ABG001 |b cze |d ABA001 |e rda | ||
| 041 | 1 | |a cze |h fin | |
| 045 | |a x-y- | ||
| 072 | 7 | |a 821.51 |x Uraloaltajské literatury |2 Konspekt | |
| 072 | 7 | |a 929 |x Biografie |2 Konspekt | |
| 080 | |a 821.511.111-31 |2 MRF | ||
| 080 | |a 821.511.111-055.2 |2 MRF | ||
| 080 | |a 929 |2 MRF | ||
| 080 | |a (0:82-312.6) |2 MRF | ||
| 100 | 1 | |a Saisio, Pirkko, |d 1949- |7 xx0254084 |4 aut | |
| 245 | 1 | 0 | |a Helsinská trilogie / |c Pirkko Saisio ; přeložila Jitka Hanušová |
| 250 | |a První vydání | ||
| 264 | 1 | |a Brno : |b Host, |c 2025 | |
| 300 | |a 451 stran ; |c 21 cm | ||
| 336 | |a text |b txt |2 rdacontent | ||
| 337 | |a bez média |b n |2 rdamedia | ||
| 338 | |a svazek |b nc |2 rdacarrier | ||
| 500 | |a Přeloženo z finštiny | ||
| 505 | 0 | 0 | |g Druhý díl, |t Protisvětlo -- |g Třetí díl, |t Červená kniha loučení |
| 600 | 1 | 7 | |a Saisio, Pirkko, |d 1949- |7 xx0254084 |2 czenas |
| 648 | 7 | |a 20.-21. století |7 ch462155 |2 czenas | |
| 650 | 0 | 7 | |a finské spisovatelky |7 ph172946 |y 20.-21. století |2 czenas |
| 650 | 0 | 9 | |a Finnish women authors |y 20th-21st centuries |2 eczenas |
| 655 | 7 | |a finské romány |7 fd132268 |2 czenas | |
| 655 | 7 | |a autobiografické romány |7 fd131852 |2 czenas | |
| 655 | 9 | |a Finnish fiction |2 eczenas | |
| 655 | 9 | |a autobiographical novels |2 eczenas | |
| 700 | 1 | |a Hanušová, Jitka, |d 1982- |7 pag2008414658 |4 trl | |
| 700 | 1 | 2 | |a Saisio, Pirkko, |d 1949- |t Vastavalo. |l Česky |
| 700 | 1 | 2 | |a Saisio, Pirkko, |d 1949- |t Punainen erokirja. |l Česky |
| 787 | 0 | 8 | |i Z cyklu: |t Helsinská trilogie |g 2, 3 |
| 900 | |a ABA001 |b 21 | ||
| 044 | |a xr | ||
| 910 | |a RBIT002 | ||
| 998 | |d 420503 |a https://core.palmknihy.cz/api/books/420503/cover?swig5n |b https://core.palmknihy.cz/api/books/420503/cover/400?swig5n |c https://core.palmknihy.cz/api/books/420503/cover/50?swig5n |e 2029-02-26 |g 455 |i 9788027524266 |j https://core.palmknihy.cz/api/books/420503/preview.epub |k https://core.palmknihy.cz/api/books/420503/preview.pdf |l |q 49 |r 1 |s https://www.palmknihy.cz/kniha/420503 |t ebook |y 2025 |z 0 |v Helsinská trilogie |w 2 | ||
| 999 | |d 312728 | ||